000 00395nam a2200181Ia 4500
005 20250423101105.0
008 250422s9999 xx 000 0 und d
020 _a0-7432-4377-3
050 _aLA2317.M36.A3
100 _aFrank McCourt
245 0 _aTeacher Man
260 _aNew York
260 _bScribner
260 _c2005
300 _a258 p
650 _aTeacher Man
942 _cBK
999 _c35254
_d35254